Une première approche de l’encyclique de Jean-Paul II « L’Église vit de l’Eucharistie » (notice n° 1620017)

détails MARC
000 -LEADER
fixed length control field 01897cam a2200169 4500500
005 - DATE AND TIME OF LATEST TRANSACTION
control field 20260111090956.0
041 ## - LANGUAGE CODE
Language code of text/sound track or separate title fre
042 ## - AUTHENTICATION CODE
Authentication code dc
100 10 - MAIN ENTRY--PERSONAL NAME
Personal name Rigal, Jean
Relator term author
245 00 - TITLE STATEMENT
Title Une première approche de l’encyclique de Jean-Paul II « L’Église vit de l’Eucharistie »
260 ## - PUBLICATION, DISTRIBUTION, ETC.
Date of publication, distribution, etc. 2003.<br/>
500 ## - GENERAL NOTE
General note 43
520 ## - SUMMARY, ETC.
Summary, etc. Dans cette approche de la dernière encyclique de Jean-Paul II, il a paru important de relever d’abord les éléments novateurs de ce document, et en particulier son insistance trinitaire, cosmique, eschatologique et mariale. Les rappels tridentins et leurs incidence œcuméniques sont également manifestes, notamment par rapport à la notion de sacrifice, à la liturgie eucharistique, au pouvoir ministériel. À côté de différentes difficultés de langage, on remarquera le ton très personnel de certaines parties de ce nouveau document magistériel qui ne doit pas être isolé de l’enseignement de Vatican II et des recherches qui l’ont suivi.
520 ## - SUMMARY, ETC.
Summary, etc. In this approach to Pope John-Paul II’s most recent encyclical, it seems important to emphasise in the first place the innovative elements of this document, and in particular its Trinitarian, cosmic, eschatological and Marial emphases. The Tridentine echos and their ecumenical incidence are similarly manifest, most notably in relation to the notion of sacrifice, to the eucharistic liturgy, and to the power of ministry. Besides a number of linguistic difficulties, what is remarkable is the personal tone of certain passages of this new magisterial document, which should not be considered in isolation from the teaching of Vatican II and subsequent researches.
786 0# - DATA SOURCE ENTRY
Note Nouvelle revue théologique | 125 | 4 | 2003-12-12 | p. 544-554 | 0029-4845
856 41 - ELECTRONIC LOCATION AND ACCESS
Uniform Resource Identifier <a href="https://shs.cairn.info/revue-nouvelle-revue-theologique-2003-4-page-544?lang=fr&redirect-ssocas=7080">https://shs.cairn.info/revue-nouvelle-revue-theologique-2003-4-page-544?lang=fr&redirect-ssocas=7080</a>

Pas d'exemplaire disponible.

PLUDOC

PLUDOC est la plateforme unique et centralisée de gestion des bibliothèques physiques et numériques de Guinée administré par le CEDUST. Elle est la plus grande base de données de ressources documentaires pour les Étudiants, Enseignants chercheurs et Chercheurs de Guinée.

Adresse

627 919 101/664 919 101

25 boulevard du commerce
Kaloum, Conakry, Guinée

Réseaux sociaux

Powered by Netsen Group @ 2025